2025 NBA Playoffs - Statistics

General Stats
  • This quiz has been taken 369 times
  • The average score is 13 of 16
Answers on the Grid
Answers color-coded by a green-red scale on the quiz's grid according to % correct below.
Grizzlies
Nuggets
Kings
Lakers
Rockets
Raptors
Warriors
Pistons
Hawks
Cavs
Blazers
Heat
Pacers
Knicks
Celtics
Magic
Hornets
Clippers
Timberwolves
Mavs
Thunder
Bulls
Wizards
Jazz
Spurs
Suns
Pelicans
Nets
Bucks
76ers
 
Answer Stats
Answer % Correct
Nuggets
94%
Cavs
87%
Lakers
87%
Warriors
83%
Celtics
82%
Pacers
81%
Rockets
81%
Knicks
80%
Timberwolves
79%
Grizzlies
77%
Pistons
77%
Thunder
75%
Clippers
69%
Bucks
68%
Heat
68%
Magic
68%
No matching quizzes found
Score Distribution
Percent of People with Each Score
Percentile by Number Answered
Your Score History
You have not taken this quiz